000 00234nam a22000857a 4500
008 160831b xxu||||| |||| 00| 0 eng d
100 _9269
_aAggarwal N.K
245 _aEnglish Grammar-8
260 _aNew Delhi
_bGoyal Brothers publication
_c2011
999 _c2927
_d2927